[Event "Tournoi Skype 032B"]
[Site "Skype"]
[Date "????.??.??"]
[Round "2.46"]
[White "Rodriguez, Nathalie"]
[Black "Costa, Silveria"]
[Result "1-0"]
[WhiteElo "1537"]
[BlackElo "1400"]
[PlyCount "71"]

1. d4 d5 2. Bf4 Na6 3. a3 e6 4. Nc3 Be7 5. e3 Bh4 6. Qe2 Nf6 7. h3 Bd7 8. Nf3
Ne4 9. Nxh4 Qxh4 10. Qf3 Nxc3 11. bxc3 O-O 12. Bg3 Qg5 13. Bd3 Nb8 14. O-O Re8
15. Rab1 b6 16. Rfe1 Nc6 17. Bxc7 Ne7 18. Bf4 Qh4 19. e4 Ng6 20. Bg3 Qg5 21.
exd5 Rac8 22. dxe6 Bxe6 23. c4 Rcd8 24. d5 Bd7 25. Re4 Ne5 26. Bxe5 Re7 27.
Rbe1 f6 28. Bg3 Rf8 29. Rxe7 Ba4 30. d6 Qd2 31. d7 Bxd7 32. Qd5+ Be6 33. Qxe6+
Kh8 34. Re8 Qxe1+ 35. Qxe1 h6 36. Rxf8# 1-0

[Event "Tournoi Skype 032B"]
[Site "Skype"]
[Date "????.??.??"]
[Round "2.49"]
[White "Huerta Lopez, Cesar Rogelio"]
[Black "Kumar, Ajeet"]
[Result "1-0"]
[WhiteElo "1498"]
[BlackElo "1400"]
[PlyCount "55"]

1. b3 a6 2. Bb2 e6 3. e3 d5 4. d3 Bd7 5. Nf3 Ne7 6. Be2 Ng6 7. e4 Be7 8. Bxg7
Rg8 9. Bb2 Bf6 10. e5 Bg7 11. d4 Nc6 12. Bd3 Nf4 13. Rg1 b6 14. Nc3 Nb4 15.
Bxh7 Rh8 16. Bd3 c5 17. Ne2 cxd4 18. Nxf4 Nc6 19. Qe2 Qg5 20. Nxg5 Bxe5 21. Qg4
Nb4 22. Nf3 Bf6 23. Nh5 Rxh5 24. Qxh5 O-O-O 25. Qxf7 Bh8 26. Ba3 Nc6 27. Bd6 e5
28. Bxa6# 1-0

[Event "Tournoi Skype 032B"]
[Site "Skype"]
[Date "????.??.??"]
[Round "2.50"]
[White "Melo, Marcelo"]
[Black "Colangelo, Michele"]
[Result "0-1"]
[WhiteElo "1400"]
[BlackElo "1464"]
[PlyCount "62"]

1. d4 d5 2. c4 e6 3. e3 Nf6 4. Nc3 Bb4 5. Bd2 a6 6. Nf3 Nc6 7. g3 O-O 8. Bg2 h6
9. O-O Bd6 10. cxd5 Nxd5 11. Nxd5 exd5 12. Re1 Re8 13. a3 Be6 14. h3 Qd7 15.
Ne5 Nxe5 16. dxe5 Bxe5 17. Bb4 Bxb2 18. Rb1 Bf6 19. Bxd5 Bxd5 20. e4 Bc6 21.
Qxd7 Bxd7 22. e5 Bxe5 23. Rbc1 c6 24. Re4 Bxh3 25. Rce1 f6 26. f4 Bf5 27. R4e3
Bd4 28. Bd2 Bxe3+ 29. Bxe3 Bd7 30. Kg2 Re6 31. Rc1 Rxe3 0-1

[Event "Tournoi Skype 032B"]
[Site "Skype"]
[Date "????.??.??"]
[Round "2.51"]
[White "Lecluyse, Koenraad"]
[Black "Mascarenhas, Marco"]
[Result "0-1"]
[WhiteElo "1458"]
[BlackElo "1400"]
[PlyCount "32"]

1. d4 Nf6 2. Nf3 g6 3. Bf4 Bg7 4. e3 O-O 5. Bd3 d6 6. c3 Nbd7 7. Nbd2 e5 8.
dxe5 dxe5 9. Nxe5 Nxe5 10. Bxe5 Qxd3 11. Bxc7 Nd5 12. Ba5 b6 13. Bb4 Nxb4 14.
cxb4 Bxb2 15. Rb1 Bc3 16. Rb3 Bxd2+ 0-1

[Event "Tournoi Skype 032B"]
[Site "Skype"]
[Date "????.??.??"]
[Round "2.54"]
[White "Podesta, Javier"]
[Black "Achicanoy, Yolanda"]
[Result "0-1"]
[WhiteElo "1400"]
[BlackElo "1443"]
[PlyCount "82"]

1. d4 d5 2. Nf3 Nc6 3. Bf4 Bf5 4. e3 Nb4 5. Bd3 Qd7 6. O-O O-O-O 7. Re1 Nf6 8.
c4 e6 9. Nc3 Bd6 10. Bb1 Rhe8 11. a3 Nc6 12. Bxf5 exf5 13. cxd5 Na5 14. Qc2 g6
15. e4 Bxf4 16. Ne2 Bg5 17. Nxg5 h6 18. Nf3 fxe4 19. Ne5 Qf5 20. b4 Nb3 21.
Qxb3 Rxd5 22. Rac1 Re7 23. Qa4 e3 24. f3 h5 25. Rc3 Qg5 26. Nxf7 Rxf7 27. Qe8+
Nxe8 28. Ng3 h4 29. Ne4 Qh6 30. h3 Rxd4 31. Rexe3 Re7 32. Rc5 Rd1+ 33. Kf2 Ra1
34. Rec3 Ra2+ 35. Rc2 Rxc2+ 36. Rxc2 Re5 37. Ke2 Ng7 38. Kd3 Re8 39. Nd6+ Kd7
40. Nf7 Qe3+ 41. Kc4 Qe6+ 0-1

[Event "Tournoi Skype 032B"]
[Site "Skype"]
[Date "????.??.??"]
[Round "2.55"]
[White "Skura, Simone"]
[Black "Pingarron, Pilar"]
[Result "1-0"]
[WhiteElo "1441"]
[BlackElo "1400"]
[PlyCount "45"]

1. e4 e5 2. Nf3 Nf6 3. Nc3 Bc5 4. Nxe5 Qe7 5. d4 d6 6. Bb5+ Kf8 7. O-O Nbd7 8.
Nxd7+ Nxd7 9. Nd5 Qd8 10. dxc5 c6 11. cxd6 cxb5 12. Nc7 Rb8 13. Be3 b6 14. Nxb5
Ba6 15. c4 Rg8 16. Nxa7 Rb7 17. Nc6 Qf6 18. Ne7 Rh8 19. b3 b5 20. c5 b4 21. c6
Bxf1 22. Kxf1 Rb5 23. cxd7 1-0

[Event "Tournoi Skype 032B"]
[Site "Skype"]
[Date "????.??.??"]
[Round "2.56"]
[White "Hernandez Lopez, Joaquin"]
[Black "Torres, Vicky"]
[Result "1-0"]
[WhiteElo "1439"]
[BlackElo "1400"]
[PlyCount "57"]

1. e4 c5 2. Nc3 a6 3. d3 Nc6 4. g3 e5 5. Bg2 Nf6 6. h3 Be7 7. Nge2 O-O 8. O-O
d5 9. exd5 Nb4 10. Bg5 Nbxd5 11. f4 Nxc3 12. Nxc3 Qd4+ 13. Kh2 Rb8 14. Ne2 Qd6
15. f5 h6 16. Bxf6 Qxf6 17. Be4 b5 18. Nc3 Bb7 19. Bd5 Rfd8 20. Ne4 Qb6 21. f6
gxf6 22. Qg4+ Kh8 23. Bxf7 Bxe4 24. Qxe4 Rd4 25. Qg6 f5 26. Qxf5 Qd6 27. Rae1
Bf6 28. Qg6 Bg7 29. Qxd6 1-0

[Event "Tournoi Skype 032B"]
[Site "Skype"]
[Date "????.??.??"]
[Round "2.57"]
[White "Saglam, Fatma"]
[Black "Grib, Jessica"]
[Result "1-0"]
[WhiteElo "1400"]
[BlackElo "1437"]
[PlyCount "61"]

1. e4 e6 2. Nf3 Nc6 3. Bc4 Nf6 4. Nc3 Bc5 5. O-O d5 6. exd5 exd5 7. Bb5 Bd7 8.
d4 Bb4 9. Re1+ Ne7 10. Ne5 O-O 11. Nxd7 Nxd7 12. Bd3 g6 13. Bg5 Re8 14. Nxd5 c6
15. Bxe7 Bxe7 16. Nxe7+ Rxe7 17. Rxe7 Qxe7 18. Qf3 Rf8 19. Be4 f5 20. Qb3+ Kh8
21. Bd3 Nf6 22. h3 Nh5 23. Qc3 Qd6 24. Re1 Nf4 25. d5+ Kg8 26. Bc4 Rc8 27.
dxc6+ Ne6 28. Rxe6 Qd1+ 29. Kh2 bxc6 30. Rd6+ Kf8 31. Rxd1 1-0

[Event "Tournoi Skype 032B"]
[Site "Skype"]
[Date "????.??.??"]
[Round "2.58"]
[White "Trapletti, Cosetta"]
[Black "Diaz Yara, Jose Mauricio"]
[Result "0-1"]
[WhiteElo "1400"]
[BlackElo "1435"]
[PlyCount "42"]

1. d4 e5 2. e3 e4 3. Be2 Nf6 4. Nd2 d5 5. c3 Bd6 6. Qb3 O-O 7. f3 c6 8. fxe4
Nxe4 9. Nxe4 dxe4 10. Bd2 Qh4+ 11. g3 Bxg3+ 12. Kd1 Bg4 13. Qxb7 Bxe2+ 14. Kxe2
Qg4+ 15. Kf1 Qf5+ 16. Kg2 Qf2+ 17. Kh3 Bd6 18. Qxa8 Qxd2 19. Qb7 Qxe3+ 20. Kg4
f5+ 21. Kh4 Qh6# 0-1

[Event "Tournoi Skype 032B"]
[Site "Skype"]
[Date "????.??.??"]
[Round "2.60"]
[White "Lai, Mattia"]
[Black "Tu, Harrison"]
[Result "1-0"]
[WhiteElo "1424"]
[BlackElo "1400"]
[PlyCount "21"]

1. d4 d5 2. Bf4 Nf6 3. Nf3 c6 4. Nc3 e5 5. dxe5 Bc5 6. e3 Ne4 7. Nxe4 dxe4 8.
Qxd8+ Kxd8 9. Rd1+ Bd7 10. e6 fxe6 11. Ne5 1-0

[Event "Tournoi Skype 032B"]
[Site "Skype"]
[Date "????.??.??"]
[Round "2.61"]
[White "Bondone, Silvestre"]
[Black "Bolanos Ocampo, Sandra"]
[Result "0-1"]
[WhiteElo "1392"]
[BlackElo "1423"]
[PlyCount "70"]

1. d4 d5 2. Nf3 Nf6 3. Bf4 e6 4. e3 Bd6 5. Bb5+ Bd7 6. Bd3 Nc6 7. Nh4 Bb4+ 8.
c3 Ba5 9. Qb3 Bc8 10. Qa4 Nh5 11. Nf3 O-O 12. Bb5 Bb6 13. Bxc6 bxc6 14. Qxc6
Bd7 15. Qb7 Rb8 16. Qa6 Bc8 17. Qd3 Qe8 18. Bxc7 Bxc7 19. Ng5 g6 20. Na3 Rxb2
21. O-O Qe7 22. Nc2 Qxg5 23. Rfb1 Rb6 24. Rd1 e5 25. c4 Bh3 26. g3 Qg4 27. Ne1
exd4 28. f3 Qe6 29. Qxd4 dxc4 30. Rdc1 Rd6 31. Qxa7 Qd7 32. Rxc4 Qb5 33. Qxc7
Rd7 34. Qc5 Qa6 35. Rd4 Qf1# 0-1

[Event "Tournoi Skype 032B"]
[Site "Skype"]
[Date "????.??.??"]
[Round "2.64"]
[White "Schnell, Nicolas"]
[Black "Santa Cruz, Oscar Ruben"]
[Result "0-1"]
[WhiteElo "1403"]
[BlackElo "1393"]
[PlyCount "40"]

1. e4 c5 2. Nc3 Nc6 3. Bc4 a6 4. Qf3 e6 5. Qf4 b5 6. Bd3 e5 7. Qf3 Nd4 8. Qh5
Nf6 9. Qxe5+ Be7 10. Nd5 d6 11. Nxf6+ gxf6 12. Qh5 Bb7 13. c3 Ne6 14. Nf3 Nf4
15. Qh6 Nxd3+ 16. Kd1 Nxf2+ 17. Kc2 Bxe4+ 18. d3 Bxd3+ 19. Kb3 c4+ 20. Ka3 Qa5#
0-1

[Event "Tournoi Skype 032B"]
[Site "Skype"]
[Date "????.??.??"]
[Round "2.65"]
[White "Alcaraz Acosta, Luisa Montserrat"]
[Black "Roberge, Yves"]
[Result "0-1"]
[WhiteElo "1382"]
[BlackElo "1401"]
[PlyCount "94"]

1. e4 e5 2. Nf3 Bc5 3. Bc4 Nf6 4. d3 d6 5. O-O Be6 6. c3 Nc6 7. Bb5 O-O 8. Bg5
d5 9. Nbd2 d4 10. cxd4 exd4 11. e5 Nd5 12. Bxd8 Raxd8 13. Qe1 a6 14. Ba4 b5 15.
Bc2 Ncb4 16. Bd1 Nxd3 17. Qe2 Nxb2 18. Ng5 Bf5 19. Qh5 h6 20. Ndf3 Nf4 21. Qh4
Ng6 22. Qg3 Rfe8 23. Rc1 Nd3 24. Bc2 Nxc1 25. Bxf5 Ne2+ 26. Kh1 Nxg3+ 27. hxg3
Ne7 28. Bh7+ Kf8 29. Ne4 Rd5 30. g4 g6 31. Re1 d3 32. g5 Kg7 33. gxh6+ Kxh7 34.
Nf6+ Kxh6 35. Nxe8 Bb4 36. Re4 d2 37. Nxd2 Bxd2 38. Rh4+ Kg5 39. Rh7 Rxe5 40.
Rxf7 Re1+ 41. Kh2 Bf4+ 42. g3 Nd5 43. gxf4+ Nxf4 44. Nxc7 b4 45. Nxa6 Nd3 46.
Nc5 Nxc5 47. Rb7 Nxb7 0-1

[Event "Tournoi Skype 032B"]
[Site "Skype"]
[Date "????.??.??"]
[Round "2.66"]
[White "Aghaee, Shirin"]
[Black "Cassano, Mariangela"]
[Result "1-0"]
[WhiteElo "1400"]
[BlackElo "1306"]
[PlyCount "45"]

1. e4 e5 2. Nf3 d6 3. d4 exd4 4. Nxd4 c5 5. Bb5+ Nd7 6. Nf3 Ngf6 7. Nc3 a6 8.
Ba4 Be7 9. O-O O-O 10. a3 Ne8 11. Bf4 Bf6 12. Rb1 h6 13. Nd5 b6 14. b4 Bb7 15.
bxc5 bxc5 16. Rxb7 Rb8 17. Rxd7 Qxd7 18. Bxd7 Nc7 19. Nxf6+ gxf6 20. Qxd6 Rfd8
21. Bxh6 Rxd7 22. Qg3+ Kh7 23. Qg7# 1-0

[Event "Tournoi Skype 032B"]
[Site "Skype"]
[Date "????.??.??"]
[Round "2.67"]
[White "Carias, Nancy"]
[Black "Alesse, Samuel"]
[Result "0-1"]
[WhiteElo "1333"]
[BlackElo "1400"]
[PlyCount "54"]

1. d4 d5 2. f4 e6 3. Nf3 Nf6 4. e3 Bd6 5. Bd3 c5 6. c3 c4 7. Bc2 Nc6 8. O-O O-O
9. Nbd2 b5 10. b3 Bb7 11. Ng5 h6 12. Nh7 Nxh7 13. Rf3 Nf6 14. Rh3 Re8 15. Nf1
b4 16. cxb4 Nxb4 17. Bb1 c3 18. Qf3 Rc8 19. Qg3 c2 20. Rxh6 g6 21. Rxg6+ fxg6
22. Bd2 c1=Q 23. Bxc1 Rxc1 24. a3 Ba6 25. Qxg6+ Kf8 26. Qh6+ Kf7 27. axb4 Rxf1#
0-1

[Event "Tournoi Skype 032B"]
[Site "Skype"]
[Date "????.??.??"]
[Round "3.1"]
[White "Pouteau, Pascal"]
[Black "Parrales, Rodolfo"]
[Result "0-1"]
[WhiteElo "1616"]
[BlackElo "1533"]
[PlyCount "76"]

1. Nf3 g6 2. d4 Bg7 3. e4 d6 4. Bc4 Nc6 5. c3 Nf6 6. O-O Nxe4 7. Bd5 Nf6 8. Bc4
d5 9. Bb5 Bd7 10. Re1 O-O 11. Bg5 a6 12. Bxc6 Bxc6 13. Ne5 Be8 14. Ng4 Qd6 15.
Qe2 Ne4 16. Bxe7 Qxe7 17. f3 Bb5 18. Qe3 Qg5 19. a4 Bd7 20. Ne5 Qxe3+ 21. Rxe3
Bxe5 22. fxe4 Bf4 23. Rf3 Bc1 24. b3 dxe4 25. Rf1 Bg5 26. Na3 Bd2 27. c4 Be3+
28. Kh1 Bg4 29. Nc2 Bg5 30. Ra2 e3 31. d5 e2 32. Rf2 Bd2 33. Ra1 Rae8 34. Ne1
Re3 35. h3 Bf5 36. Nf3 e1=Q+ 37. Nxe1 Rxe1+ 38. Rxe1 Bxe1 0-1

[Event "Tournoi Skype 032B"]
[Site "Skype"]
[Date "????.??.??"]
[Round "3.2"]
[White "Prieto Umba, Jairo Ovidio"]
[Black "Barrera Mendoza, Carlos"]
[Result "0-1"]
[WhiteElo "1582"]
[BlackElo "1521"]
[PlyCount "56"]

1. e4 e5 2. Nf3 Nc6 3. Bc4 Nf6 4. Nc3 Nxe4 5. Nxe4 d5 6. Bd3 f5 7. Qe2 dxe4 8.
Bxe4 fxe4 9. Qxe4 Bd6 10. c3 O-O 11. O-O Bf5 12. Qe3 Qf6 13. d4 exd4 14. cxd4
Rae8 15. Qb3+ Kh8 16. Bg5 Qg6 17. Be3 Bc2 18. Qxb7 Rxf3 19. Qxc6 Bxh2+ 20. Kxh2
Qxc6 21. gxf3 Qxf3 22. Rac1 Be4 23. Rg1 Qh5+ 24. Kg3 Re6 25. Rc5 Rg6+ 26. Rg5
Rxg5+ 27. Bxg5 Qxg5+ 28. Kh2 Qh4# 0-1

[Event "Tournoi Skype 032B"]
[Site "Skype"]
[Date "????.??.??"]
[Round "3.3"]
[White "Roberts, Mario"]
[Black "Crocioni, Luca"]
[Result "1-0"]
[WhiteElo "1519"]
[BlackElo "1566"]
[PlyCount "69"]

1. c4 d5 2. cxd5 Qxd5 3. Nc3 Qd8 4. g3 Nf6 5. Bg2 e6 6. d4 c6 7. a3 h6 8. Nf3
Bd6 9. O-O Nbd7 10. Be3 Qc7 11. Nd2 b5 12. Nce4 Nxe4 13. Nxe4 Bb7 14. Rc1 Nb6
15. Nxd6+ Qxd6 16. Bf4 Qd7 17. e4 Rc8 18. b3 a6 19. Be3 Na8 20. Bh3 Qe7 21. d5
Rd8 22. Bc5 Qf6 23. d6 Qe5 24. Qg4 O-O 25. Rcd1 Qxc5 26. Qf4 e5 27. Qf3 Rxd6
28. b4 Qc4 29. Rxd6 c5 30. Bf5 cxb4 31. axb4 Qxb4 32. Rfd1 g6 33. Qg4 h5 34.
Rxg6+ fxg6 35. Qxg6+ 1-0

[Event "Tournoi Skype 032B"]
[Site "Skype"]
[Date "????.??.??"]
[Round "3.4"]
[White "Hernandez Monzon, Alejandro"]
[Black "Gomez Caballero, Blas"]
[Result "0-1"]
[WhiteElo "1552"]
[BlackElo "1518"]
[PlyCount "72"]

1. d4 d5 2. c4 c6 3. Nc3 e6 4. a3 Nf6 5. e3 Bd6 6. Nf3 O-O 7. cxd5 exd5 8. Bd3
Bg4 9. h3 Bxf3 10. Qxf3 Nbd7 11. g4 h6 12. Bd2 Qb6 13. Na4 Qb3 14. Nc3 Qxb2 15.
Rb1 Qxa3 16. O-O Qa5 17. Rfd1 Qc7 18. Qg2 g5 19. f4 Kg7 20. Rbc1 Rh8 21. Nb5
Qb8 22. Nxd6 Qxd6 23. Be1 Rhe8 24. fxg5 hxg5 25. Bg3 Qe7 26. Re1 Ne4 27. Bh2 f6
28. Be2 Nf8 29. Qf3 Ng6 30. Rf1 Nd2 31. Qf2 Nxf1 32. Rxf1 Rh8 33. Qf5 Nh4 34.
Qf2 a5 35. Be5 Raf8 36. Bd3 fxe5 0-1

[Event "Tournoi Skype 032B"]
[Site "Skype"]
[Date "????.??.??"]
[Round "3.5"]
[White "Castanha, Marco"]
[Black "Jimenez Del Rosario, Alsis Raynely"]
[Result "1-0"]
[WhiteElo "1547"]
[BlackElo "1515"]
[PlyCount "68"]

1. e4 b6 2. d4 Bb7 3. Nc3 Nf6 4. e5 Nd5 5. Bc4 Nxc3 6. bxc3 Bxg2 7. Nf3 Bxh1 8.
Ng5 e6 9. Bb3 Be7 10. Nh3 Bg2 11. Ng1 Nc6 12. f3 Bh4+ 13. Ke2 d6 14. Ba4 Qd7
15. d5 dxe5 16. Bxc6 Qxc6 17. dxc6 Rd8 18. Bd2 e4 19. fxe4 Bxe4 20. Nh3 Bf5 21.
Ng1 Bg4+ 22. Nf3 Bg5 23. Kf2 Rxd2+ 24. Nxd2 Bxd1 25. Rxd1 Bxd2 26. Rxd2 O-O 27.
Rd7 Rc8 28. Ke3 Kf8 29. c4 Ke8 30. Ke4 f5+ 31. Kf4 a5 32. Rxg7 Rd8 33. c3 h5
34. Rxc7 Rd3 1-0

[Event "Tournoi Skype 032B"]
[Site "Skype"]
[Date "????.??.??"]
[Round "3.6"]
[White "Guillaume, Mickael"]
[Black "Cengiz, Ali Ekber"]
[Result "1-0"]
[WhiteElo "1511"]
[BlackElo "1544"]
[PlyCount "77"]

1. e4 e5 2. Nf3 Nc6 3. d4 exd4 4. Nxd4 Ne5 5. Bf4 d6 6. Be2 g6 7. O-O Bg7 8. c3
a6 9. Nd2 Nf6 10. N4f3 Ned7 11. e5 dxe5 12. Nxe5 O-O 13. Bd3 Nc5 14. Ndf3 Bg4
15. h3 Bxf3 16. Qxf3 Nh5 17. Bc4 Ne6 18. Rad1 Qc8 19. g3 Nhxf4 20. gxf4 Bxe5
21. fxe5 Ng5 22. Qg3 Qf5 23. Rd3 Rad8 24. f4 Ne4 25. Qe3 Nc5 26. Rxd8 Rxd8 27.
Qxc5 Qxh3 28. Qf2 Qg4+ 29. Qg2 Qd7 30. Qxb7 a5 31. Qg2 c5 32. f5 Kh8 33. fxg6
hxg6 34. Bxf7 Rf8 35. Qxg6 Qh3 36. Qf6+ Kh7 37. Bg6+ Kh6 38. Qxf8+ Kxg6 39.
Qg8+ 1-0

[Event "Tournoi Skype 032B"]
[Site "Skype"]
[Date "????.??.??"]
[Round "3.10"]
[White "Guevara, Lizbeth"]
[Black "Conde, Abigail"]
[Result "0-1"]
[WhiteElo "1534"]
[BlackElo "1485"]
[PlyCount "138"]

1. Nf3 d5 2. d4 e6 3. Bf4 Nd7 4. g3 h6 5. a3 g5 6. Be3 f5 7. h3 Ngf6 8. Nbd2
Bd6 9. c4 f4 10. Qc2 Rg8 11. c5 fxe3 12. O-O-O Be7 13. fxe3 Ne4 14. Nxe4 dxe4
15. Qxe4 Nf6 16. Qd3 Qd5 17. Bg2 Ne4 18. Ne5 Nf2 19. Bxd5 Nxd3+ 20. exd3 exd5
21. e4 dxe4 22. dxe4 Be6 23. d5 Bf7 24. Nxf7 Kxf7 25. Rhf1+ Kg7 26. Kb1 Bxc5
27. e5 b5 28. e6 Rge8 29. Rf7+ Kh8 30. Rxc7 Bd6 31. Rb7 b4 32. axb4 a5 33. b5
a4 34. b6 a3 35. bxa3 Rxa3 36. Rf1 Be5 37. Rff7 Ra1+ 38. Kc2 Rc8+ 39. Rfc7 Ra2+
40. Kb3 Rb2+ 41. Kc4 Rc2+ 42. Kd3 Bxc7 43. Kxc2 Bxb6+ 44. Kb3 Bc7 45. d6 Bxd6
46. Ka4 Kg8 47. Rd7 Bf8 48. Kb5 Rc5+ 49. Kb4 Re5+ 50. Kc4 Rxe6 51. Kd5 Re3 52.
Kc6 Rxg3 53. Kd5 Rxh3 54. Ke6 Rf3 55. Ke5 g4 56. Ke4 h5 57. Rd5 h4 58. Rg5+ Bg7
59. Rxg4 Rh3 60. Kf4 Kf7 61. Kg5 Bf6+ 62. Kh5 Rg3 63. Rxh4 Rg5+ 64. Kh6 Rg6+
65. Kh5 Rg8 66. Ra4 Rh8+ 67. Kg4 Kg6 68. Ra6 Rh4+ 69. Kf3 Kf5 0-1

[Event "Tournoi Skype 032B"]
[Site "Skype"]
[Date "????.??.??"]
[Round "3.12"]
[White "Capanema, Gleber"]
[Black "Radice, Marco"]
[Result "1-0"]
[WhiteElo "1400"]
[BlackElo "1534"]
[PlyCount "85"]

1. d4 Nf6 2. c4 g6 3. g3 Bg7 4. Bg2 d6 5. Nf3 O-O 6. O-O Nbd7 7. Qc2 Re8 8. Rd1
e5 9. dxe5 Nxe5 10. Nxe5 Rxe5 11. Bf4 Re8 12. Nc3 Nh5 13. Be3 Bf5 14. Qb3 Rb8
15. c5 Be6 16. Qc2 Nf6 17. Bg5 h6 18. Bxf6 Bxf6 19. cxd6 cxd6 20. e4 Qb6 21.
Nd5 Bxd5 22. Rxd5 Qxb2 23. Qxb2 Bxb2 24. Rb1 Be5 25. f4 Bg7 26. Rxd6 Bf8 27.
Rd7 Bc5+ 28. Kf1 b6 29. Rxa7 Red8 30. e5 Rd2 31. Ra8 Rf2+ 32. Ke1 Rxa8 33. Bxa8
Rxh2 34. Rd1 Rxa2 35. Rd8+ Kg7 36. Bd5 Ra3 37. Rd7 Bb4+ 38. Kf2 Rxg3 39. Kxg3
Be1+ 40. Kf3 b5 41. Rxf7+ Kh8 42. e6 Kg8 43. e7 1-0

[Event "Tournoi Skype 032B"]
[Site "Skype"]
[Date "????.??.??"]
[Round "3.15"]
[White "Vervoort, Jean-Louis"]
[Black "Luna Perez Vico, Lorenzo"]
[Result "1/2-1/2"]
[WhiteElo "1459"]
[BlackElo "1562"]
[PlyCount "49"]

1. d4 Nf6 2. e3 d5 3. Bd3 e6 4. c3 c5 5. Nf3 Nc6 6. b3 cxd4 7. exd4 Bd6 8. O-O
Qc7 9. h3 h6 10. Ba3 Qe7 11. Bxd6 Qxd6 12. Nbd2 a6 13. Qc2 Qf4 14. Rfe1 O-O 15.
Re3 Bd7 16. Rae1 Rac8 17. Ne5 Kh8 18. Ndf3 Nxe5 19. Nxe5 Bb5 20. Bxb5 axb5 21.
Rf3 Qxd4 22. Rd3 Qc5 23. Rd4 Qxc3 24. Qxc3 Rxc3 25. Rd3 1/2-1/2

[Event "Tournoi Skype 032B"]
[Site "Skype"]
[Date "????.??.??"]
[Round "3.18"]
[White "Ricord, Gerardo"]
[Black "Khatanhar, Mohit"]
[Result "0-1"]
[WhiteElo "1371"]
[BlackElo "1515"]
[PlyCount "72"]

1. e4 e5 2. Nf3 Nc6 3. Bc4 Bc5 4. d3 d5 5. exd5 Nd4 6. Nxe5 Qe7 7. c3 Qxe5+ 8.
Be3 Nf5 9. d4 Bxd4 10. cxd4 Qe4 11. Bb5+ c6 12. dxc6 bxc6 13. Nd2 Qxg2 14. Rf1
cxb5 15. Qf3 Qxf3 16. Nxf3 Nxe3 17. fxe3 Nf6 18. Rd1 Bb7 19. Ne5 O-O 20. Rg1
Nd5 21. Nd7 Rfe8 22. Rg3 Rxe3+ 23. Kf2 Re7 24. Rdg1 g6 25. h4 h5 26. Ne5 Rae8
27. Nxf7 Re2+ 28. Kf3 Nf6+ 29. Kf4 Kxf7 30. Rxg6 Ng4 31. Kf5 Be4+ 32. Kg5 Bxg6
33. Rf1+ Kg7 34. d5 R8e5+ 35. Kf4 Rf5+ 36. Kg3 Rxf1 0-1

[Event "Tournoi Skype 032B"]
[Site "Skype"]
[Date "????.??.??"]
[Round "3.19"]
[White "Martin Fernandez, Enrique"]
[Black "Tolaro, Filippa"]
[Result "1-0"]
[WhiteElo "1513"]
[BlackElo "1400"]
[PlyCount "65"]

1. d4 d5 2. c4 c6 3. Bg5 Nf6 4. e3 e6 5. Nc3 Bd6 6. Nf3 Qb6 7. Qc2 Bb4 8. Bd3
Nbd7 9. O-O Ne4 10. Nxe4 dxe4 11. Bxe4 Nf6 12. Bd3 O-O 13. Bxf6 gxf6 14. Bxh7+
Kh8 15. Bd3 f5 16. e4 fxe4 17. Bxe4 f5 18. Bd3 c5 19. a3 Ba5 20. dxc5 Qc6 21.
b4 Bc7 22. Qd1 Qe8 23. Ng5 Bf4 24. Nf3 Qg6 25. Re1 Rg8 26. g3 Bh6 27. Ne5 Qe8
28. Bc2 Bg7 29. Rc1 Bxe5 30. Rxe5 Bd7 31. Qd4 Qh5 32. Rxf5+ e5 33. Qxe5+ 1-0

[Event "Tournoi Skype 032B"]
[Site "Skype"]
[Date "????.??.??"]
[Round "3.21"]
[White "Chamorro Cajina, Ivan Antonio"]
[Black "Gerbaux, Regis"]
[Result "1/2-1/2"]
[WhiteElo "1490"]
[BlackElo "1400"]
[PlyCount "80"]

1. c4 c5 2. Nc3 Nc6 3. g3 Nf6 4. Bg2 e6 5. e3 d5 6. cxd5 exd5 7. Nge2 Be7 8.
O-O O-O 9. d4 c4 10. e4 dxe4 11. Nxe4 Bg4 12. f3 Bh5 13. Nf4 Bg6 14. d5 Ne5 15.
d6 Qb6+ 16. Kh1 Rad8 17. Re1 Nxe4 18. fxe4 Rxd6 19. Nd5 Qd8 20. Bf4 Nd3 21.
Nxe7+ Qxe7 22. Bxd6 Qxd6 23. Re2 Rd8 24. Kg1 Bh5 25. e5 Qd4+ 26. Kf1 Bxe2+ 27.
Qxe2 Nxe5 28. Qe4 b5 29. Re1 Qxb2 30. Qxe5 Qxe5 31. Rxe5 a6 32. Bb7 f6 33. Rc5
Rd6 34. Rc6 Rd3 35. Bxa6 c3 36. Bxb5 Re3 37. Kf2 Re5 38. a4 Kf8 39. Rxc3 Ke7
40. Be2 Kd7 1/2-1/2

[Event "Tournoi Skype 032B"]
[Site "Skype"]
[Date "????.??.??"]
[Round "3.22"]
[White "Diaz Yara, Jose Mauricio"]
[Black "Farfallini, Michel"]
[Result "1-0"]
[WhiteElo "1435"]
[BlackElo "1642"]
[PlyCount "81"]

1. e4 e5 2. Nf3 Nc6 3. Bc4 Be7 4. c3 Nf6 5. Bxf7+ Kxf7 6. Qb3+ d5 7. O-O b6 8.
d3 Be6 9. Ng5+ Kg8 10. Nxe6 Qd6 11. exd5 Na5 12. Qd1 Nxd5 13. Qg4 Bf6 14. f4
Nc6 15. f5 Nd8 16. Bg5 Nxe6 17. fxe6 Bxg5 18. Qxg5 Qxe6 19. Nd2 Nf6 20. Rae1
Qd6 21. Ne4 Nxe4 22. Rxe4 Re8 23. h4 c5 24. h5 h6 25. Qg6 Qxg6 26. hxg6 h5 27.
Rf5 Rh6 28. Rexe5 Rxe5 29. Rxe5 Rxg6 30. Rxh5 Re6 31. d4 cxd4 32. cxd4 Re2 33.
Rd5 Rxb2 34. a4 Ra2 35. Rd8+ Kf7 36. Rd7+ Ke6 37. Rxa7 g5 38. Ra6 g4 39. Rxb6+
Kd5 40. Rg6 Kxd4 41. Rxg4+ 1-0

[Event "Tournoi Skype 032B"]
[Site "Skype"]
[Date "????.??.??"]
[Round "3.24"]
[White "Moumtaz, Abderrahim"]
[Black "Skura, Simone"]
[Result "1-0"]
[WhiteElo "1598"]
[BlackElo "1441"]
[PlyCount "39"]

1. d4 d5 2. c4 e6 3. Nf3 Nf6 4. Nc3 Nc6 5. Qc2 dxc4 6. e4 Nxd4 7. Nxd4 Qxd4 8.
Be3 Qd7 9. Rd1 Qc6 10. Be2 Bc5 11. O-O O-O 12. e5 Nd7 13. Bf4 Rd8 14. Ne4 b5
15. Ng5 h6 16. Qh7+ Kf8 17. Nxf7 Kxf7 18. Bh5+ Kf8 19. Qh8+ Ke7 20. Qxg7# 1-0

[Event "Tournoi Skype 032B"]
[Site "Skype"]
[Date "????.??.??"]
[Round "3.26"]
[White "Duthoit, Bernard"]
[Black "Hernandez Lopez, Joaquin"]
[Result "1-0"]
[WhiteElo "1566"]
[BlackElo "1439"]
[PlyCount "45"]

1. e4 e5 2. Nf3 Nc6 3. Bc4 Nf6 4. d3 Bc5 5. O-O h6 6. Nc3 d6 7. a3 a6 8. Bd2
Bg4 9. h3 Bh5 10. Be3 Ba7 11. Bxa7 Nxa7 12. b4 c6 13. Qe2 Qc7 14. Qe3 O-O 15.
Nh4 d5 16. exd5 b5 17. Bb3 Rfd8 18. Rae1 Nxd5 19. Nxd5 cxd5 20. Qxe5 Qd6 21.
Qxh5 Re8 22. Bxd5 Re7 23. Bxa8 1-0

[Event "Tournoi Skype 032B"]
[Site "Skype"]
[Date "????.??.??"]
[Round "3.28"]
[White "Marin Gomez, Ian Javier"]
[Black "Ahrens, Melanie"]
[Result "1-0"]
[WhiteElo "1442"]
[BlackElo "1550"]
[PlyCount "71"]

1. e4 e6 2. d4 d5 3. exd5 exd5 4. Nc3 Nf6 5. Nf3 Bd6 6. Bd3 O-O 7. O-O Nc6 8.
Re1 Re8 9. Be3 Bg4 10. Be2 Qd7 11. Qd2 Bb4 12. h3 Bf5 13. a3 Bxc3 14. bxc3 Ne4
15. Qd1 Nxc3 16. Qd2 Nxe2+ 17. Rxe2 Ne7 18. Ne5 Qd8 19. Rae1 Rc8 20. Bf4 h6 21.
Re3 Ng6 22. Rg3 Nxf4 23. Qxf4 Qf6 24. Ree3 g5 25. Rg4 Kf8 26. Nd7+ Kg7 27. Nxf6
Kxf6 28. Qf3 Kg6 29. Rg3 Bxc2 30. h4 Re4 31. hxg5 Rxd4 32. Qf6+ Kh7 33. Qxf7+
Kh8 34. gxh6 Rd1+ 35. Kh2 Be4 36. Qg7# 1-0

[Event "Tournoi Skype 032B"]
[Site "Skype"]
[Date "????.??.??"]
[Round "3.29"]
[White "Borg, Anthony"]
[Black "Ozturk, Ozgur"]
[Result "0-1"]
[WhiteElo "1548"]
[BlackElo "1435"]
[PlyCount "104"]

1. e4 c6 2. Nf3 d5 3. e5 Bf5 4. d4 e6 5. c4 Ne7 6. c5 Nd7 7. Bg5 h6 8. Bh4 Qa5+
9. Nc3 Ng6 10. Bg3 Be7 11. a3 O-O 12. b4 Qd8 13. Be2 a5 14. b5 cxb5 15. Nxd5
exd5 16. Bxb5 a4 17. Be2 Qa5+ 18. Nd2 Bg5 19. Ra2 Qc3 20. O-O Qxd4 21. Nf3 Qxd1
22. Rxd1 Be7 23. Rxd5 Nxc5 24. Rd1 Ne4 25. Rc1 Nxg3 26. hxg3 Be6 27. Rac2 Bxa3
28. Rb1 Bf5 29. Nd4 Bxc2 30. Nxc2 Be7 31. Rxb7 Rfe8 32. Rb5 a3 33. Bf3 Rac8 34.
Be4 Nf8 35. Rb1 Rc3 36. Kh2 Bc5 37. f4 g6 38. Na1 Nd7 39. Bd5 Rb8 40. Rd1 Nb6
41. Ba2 Rb7 42. Rd8+ Kg7 43. Rd1 Bf2 44. Rf1 Bxg3+ 45. Kh1 Rbc7 46. Nb3 Nd5 47.
e6 fxe6 48. Rd1 Nxf4 49. Kg1 Rc2 50. Bb1 Rxg2+ 51. Kf1 Rf2+ 52. Ke1 Ng2# 0-1